| 000 | 00391cam a2200157ua 4500 | ||
|---|---|---|---|
| 041 |
_aeng _h |
||
| 082 |
_a320.4 _bPAT/EL |
||
| 100 | _aPatvardhan, R P . | ||
| 245 |
_aElements of civics / _cR P Patvardhan. _hTextual Documents |
||
| 260 |
_aCalcutta : _bOxford University Press , _c1958. |
||
| 300 | _a152 ; . | ||
| 504 | _a | ||
| 942 | _cBK | ||
| 999 |
_c1062 _d1062 |
||